000 00511nmm a2200157Ia 4500
008 251105s9999||||xx |||||||||||||||||und||
020 _a9788425231322
041 _aspa
100 _aScheinberger, Felix
245 0 _aSer ilustrador :
_b 100 maneras de dibujar un pájaro o cómo desarrollar tu profesión
264 _a[Madrid, España] :
_bEditorial Gustavo Gili,
_c2018
300 _a224 páginas
650 _aDesign and fashion
856 _uhttps://public.digitaliapublishing.com/a/65906
942 _cCF
999 _c80366
_d80366